000
00343 a2200169 4500
001
185659
020
_a
040
_c
Magnum
100
_a
Alencar, José de
240
1
0
_a
A pata da gazela
_l
por
245
1
0
_a
A pata da gazela
300
_a
362
0
_a
1964
440
1
_a
Melhoramentos
697
_a
LITERATURA GERAL
942
_c
BK
999
_c
185659
_d
185659